[Event "Kragero Sept op"]
[Site "Kragero"]
[Date "2020.09.05"]
[Round "3"]
[White "Rosendahl, Guttorm"]
[Black "Andersen, Edvard"]
[Result "1-0"]
[WhiteElo "1373"]
[BlackElo "1527"]
[PlyCount "107"]
[EventDate "2020.09.04"]
[EventType "swiss"]
[EventRounds "6"]
[EventCountry "NOR"]
[SourceTitle "CBM 198 Extra"]
[Source "ChessBase"]
[SourceDate "2020.11.30"]
[SourceVersion "1"]
[SourceVersionDate "2020.11.30"]
[SourceQuality "1"]

1. d4 d5 2. c4 e6 3. Nc3 Nf6 4. Bg5 Be7 5. e3 0-0 6. Nf3 Re8 7. Bd3 Nbd7 8. 0-0 dxc4 9. Bxc4 b6 10. Rc1 Bb7 11. Qe2 Ne4 12. Bxe7 Nxc3 13. Bxd8 Nxe2+ 14. Bxe2 Rexd8 15. Rxc7 Bd5 16. b3 a5 17. Bb5 Nf6 18. Rfc1 Ne4 19. Ne5 Nd6 20. Bc6 Bxc6 21. Nxc6 Re8 22. a4 b5 23. Ra7 Rxa7 24. Nxa7 bxa4 25. bxa4 Kf8 26. Rc5 Ra8 27. Nb5 Rb8 28. Kf1 Nxb5 29. Rxb5 Rxb5 30. axb5 Ke7 31. Ke2 Kd7 32. Kd3 Kc7 33. Kc3 Kb6 34. Kc4 a4 35. Kb4 a3 36. Kxa3 Kxb5 37. Kb3 Kc6 38. Kc4 Kd6 39. e4 f6 40. f3 h6 41. g4 g6 42. h4 h5 43. gxh5 gxh5 44. f4 e5 45. fxe5+ fxe5 46. d5 Ke7 47. Kc5 Kd7 48. d6 Ke8 49. Kd5 Kd7 50. Kxe5 Kd8 51. Kd5 Ke8 52. e5 Kd7 53. e6+ Ke8 54. Kc6 1-0